000 00982nam a22002057a 4500
003 OSt
005 20251114085546.0
008 251114b |||||||| |||| 00| 0 eng d
040 _cDCL
082 _aT-2 Ph.D.
100 0 _aVannasiri, U, Ven
_b2007/ Ph.D. /557
245 1 _aAn annotated Translation of the Pārājikakaṇḍa of the Samantapāsādikā Together with a general introduction /
_cby Ven. U Vannasiri.
264 _aSri Lanka :
_bThe University of Kelaniya,
_c2011.
300 _axii, 385 pages ;
_c30 cm.
502 _aThis Dissertation consists of two parts - a general introduction and an annotated translation of the commentary on the first of Pārājika of the Samantapāsādikā(sp). And the second part is devoted to the annotated translation of the commentry on the first Pārājika.
_bPh. D.
_cThe University of Kelaniya,
_d2011.
650 _aPh.D. Dissertation
650 _aPārājikakaṇḍa
650 _aSamantapāsādikā
942 _2ddc
_cTHS
_n0
999 _c2467
_d2467